NCAA Big 4 Champions (2000-2024) - Statistics

General Stats
  • This quiz has been taken 53 times
  • The average score is 76 of 97
Answer Stats
Year Team % Correct
2020 Alabama
100%
2017 Alabama
100%
2015 Alabama
100%
2012 Alabama
100%
2011 Alabama
100%
2009 Alabama
100%
2024 Ohio State
100%
2014 Ohio State
100%
2002 Ohio State
100%
2005 Texas
97%
2005 Texas
97%
2002 Texas
97%
2003 USC/LSU
97%
2022 Georgia
95%
2021 Georgia
95%
2012 Kentucky
95%
2023 Michigan
95%
2018 Clemson
92%
2016 Clemson
92%
2024 Connecticut
92%
2023 Connecticut
92%
2014 Connecticut
92%
2004 Connecticut
92%
2022 Kansas
92%
2008 Kansas
92%
2004 USC
92%
2015 Duke
89%
2010 Duke
89%
2001 Duke
89%
2008 Florida
89%
2006 Florida
89%
2017 Florida
89%
2007 Florida
89%
2006 Florida
89%
2019 LSU
89%
2007 LSU
89%
2023 LSU
89%
2009 LSU
89%
2000 LSU
89%
2022 Ole Miss
89%
2010 Auburn
86%
2011 Connecticut
86%
2003 Minnesota
86%
2002 Minnesota
86%
2015 Virginia
86%
2019 Virginia
86%
2000 Michigan State
84%
2007 Michigan State
84%
2017 North Carolina
84%
2009 North Carolina
84%
2005 North Carolina
84%
2024 Tennessee
84%
2021 Baylor
81%
2013 Florida State
81%
2003 Syracuse
81%
2001 Miami
78%
2001 Miami
78%
2013 UCLA
78%
2006 Wisconsin
78%
2021 Mississippi State
76%
2018 Villanova
76%
2016 Villanova
76%
2012 Arizona
73%
2013 Louisville
73%
2000 Oklahoma
73%
2011 South Carolina
73%
2010 South Carolina
73%
2012 Boston College
70%
2010 Boston College
70%
2008 Boston College
70%
2001 Boston College
70%
2002 Maryland
70%
2016 North Dakota
65%
2000 North Dakota
65%
2019 Vanderbilt
65%
2014 Vanderbilt
65%
2024 Denver
59%
2022 Denver
59%
2017 Denver
59%
2005 Denver
59%
2004 Denver
59%
2021 Massachusetts
57%
2018 Oregon State
57%
2007 Oregon State
57%
2006 Oregon State
57%
2009 Boston University
54%
2019 Minnesota Duluth
51%
2018 Minnesota Duluth
51%
2011 Minnesota Duluth
51%
2013 Yale
51%
2016 Coastal Carolina
46%
2023 Quinnipiac
46%
2008 Fresno State
41%
2015 Providence
35%
2004 California State Fullerton
32%
2003 Rice
32%
2014 Union
30%
No matching quizzes found
Score Distribution
Percent of People with Each Score
Percentile by Number Answered
Your Score History
You have not taken this quiz